000 00515nam a2200169 4500
001 108217
003 ES-MaACL
005 20230906184613.0
007 t|
008 061121s1969 sp r ||||1| spa d
100 1 _aMoltmann, Jürgen.
_982071
245 1 0 _aTeología de la esperanza /
_cJürgen Moltmann; traducción de A.P. Sánchez Pascual.
260 _aSalamanca :
_bSígueme,
_c1969.
300 _a475 p. ;
_c22 cm.
700 1 _aSánchez Pascual, Andrés.
_9102833
852 _aES-MaACL
_jC-38818
_bR.72205
999 _c108217
_d108217